रेलवे भर्ती परीक्षा हेतु रेलवे सामान्य अध्ययन (Record no. 66866)
[ view plain ]
| 000 -LEADER | |
|---|---|
| fixed length control field | 00510nam a22001577a 4500 |
| 003 - CONTROL NUMBER IDENTIFIER | |
| control field | macl |
| 005 - DATE AND TIME OF LATEST TRANSACTION | |
| control field | 20240518134548.0 |
| 008 - FIXED-LENGTH DATA ELEMENTS--GENERAL INFORMATION | |
| fixed length control field | 240518b |||||||| |||| 00| 0 eng d |
| 040 ## - CATALOGING SOURCE | |
| Transcribing agency | macl |
| 082 ## - DEWEY DECIMAL CLASSIFICATION NUMBER | |
| Classification number | 001 |
| 100 ## - MAIN ENTRY--PERSONAL NAME | |
| Personal name | Suchit Kumar |
| 9 (RLIN) | 82380 |
| 245 ## - TITLE STATEMENT | |
| Title | रेलवे भर्ती परीक्षा हेतु रेलवे सामान्य अध्ययन |
| 260 ## - PUBLICATION, DISTRIBUTION, ETC. (IMPRINT) | |
| Name of publisher, distributor, etc. | speedy Pub. |
| Date of publication, distribution, etc. | 2024 |
| Place of publication, distribution, etc. | Patna |
| 650 ## - SUBJECT ADDED ENTRY--TOPICAL TERM | |
| Topical term or geographic name as entry element | सामान्य वर्ग |
| 9 (RLIN) | 36 |
| 942 ## - ADDED ENTRY ELEMENTS (KOHA) | |
| Source of classification or shelving scheme | |
| Koha item type | Competitive Books |
| Withdrawn status | Lost status | Source of classification or shelving scheme | Damaged status | Not for loan | Home library | Current library | Date acquired | Cost, normal purchase price | Total Checkouts | Total Renewals | Full call number | Barcode | Date last seen | Date last checked out | Price effective from | Koha item type |
|---|---|---|---|---|---|---|---|---|---|---|---|---|---|---|---|---|
| MACL | MACL | 18/05/2024 | 380.00 | 14 | 1 | 001 | DPI002153 | 14/10/2025 | 27/09/2025 | 18/05/2024 | Hindi Books | |||||
| MACL | MACL | 18/05/2024 | 380.00 | 16 | 001 | DPI002152 | 15/01/2026 | 15/01/2026 | 18/05/2024 | Hindi Books |









